| 000 | 00621nam a2200205 u 4500 | ||
|---|---|---|---|
| 005 | 20241109063733.0 | ||
| 008 | 160725s2011 r 000 0 eng d | ||
| 020 | _a9786078211289 | ||
| 035 | _aUPN01000211903 | ||
| 049 | _aCG | ||
| 050 | 4 |
_aK3240.4 _bA7.2 |
|
| 100 | 1 |
_aArias Marín, Jesús Alán _940725 |
|
| 245 | 1 | 0 |
_aAproximaciones teóricas al debate contemporáneo de los derechos humanos / _cAlán Arias Marín. |
| 260 |
_aMéxico : _bCNDH, _c2011. |
||
| 300 | _a60 p. | ||
| 440 | 0 | _aColección de textos sobre derechos humanos | |
| 650 | 4 |
_aDerechos humanos _95797 |
|
| 905 | _aLibro | ||
| 999 |
_c184004 _d184004 |
||